000 00264nam a2200109Ia 4500
005 20251222114406.0
008 251222s1900||||xx |||||||||||||| ||spa||
082 _aDVD0070/P43/2004
245 0 _aNineteen Eighty-Four:1984
264 _b20th Century Fox
942 _cDVD
999 _c1844
_d1844